Применение петрографических методов изучения глинисто-карбонатных горных пород при инженерно-геологических исследованиях на примере Горьковско-Чебоксарского Поволжья; Московское общество испытателей природы. Бюллетень. Отдел геологический; Т. 30, вып. 2

Bibliografske podrobnosti
Parent link:Московское общество испытателей природы. Бюллетень. Отдел геологический
Т. 30, вып. 2.— 1955.— С. 83-100
Glavni avtor: Сулакшина Г. А.
Jezik:ruščina
Izdano: 1955
Teme:
Format: MixedMaterials Book Chapter
KOHA link:https://koha.lib.tpu.ru/cgi-bin/koha/opac-detail.pl?biblionumber=591873

MARC

LEADER 00000naa0a2200000 4500
001 591873
005 20250108134659.0
035 |a (RuTPU)RU\TPU\tpu\2798 
035 |a TPU00002798 
090 |a 591873 
100 |a 20011210d1955 k||y0rusy50 ca 
101 0 |a rus 
102 |a RU 
200 1 |a Применение петрографических методов изучения глинисто-карбонатных горных пород при инженерно-геологических исследованиях на примере Горьковско-Чебоксарского Поволжья  |f Г. А. Сулакшина 
461 |t Московское общество испытателей природы. Бюллетень. Отдел геологический 
463 |t Т. 30, вып. 2  |v С. 83-100  |d 1955 
610 1 |a геолого-географические науки 
610 1 |a труды учёных ТПУ 
700 1 |a Сулакшина  |b Г. А. 
801 0 |a RU  |b 63413507  |c 20011210  |g PSBO 
801 2 |a RU  |b 63413507  |c 20061003  |g PSBO 
942 |c CR